00331nam a22001457a 4500003000700000005001700007008004100024082001500065100001700080245001900097260003300116300000800149490002300157650000500180MPLRDC20220104123426.0210129b ||||| |||| 00| 0 eng d a952.8 HWJ  a黄文津著 a照片印晒c ab世界书局有限公司c b平 a世界摄影丛书 a